Quizzes
Events
Quiz Creation
Community
Videos
Private Events
Remove Ads
Sign In
Join for FREE
Feedback
Dark Mode
Quiz Categories
Sports
Geography
Music
Movies
Television
Just For Fun
Miscellaneous
History
Literature
Language
Science
Gaming
Entertainment
Religion
Holiday
For Kids
Quiz Lab
Recent
Popular Today
Quiz Kudos Today
Editor Picks
Curator Picks
Quizzes by...
Day
Popularity
Type
Ratings
Length
Year
Community
Subscriptions
Recent Discussions
Orange Saloon
Badges
Playlists
Quests
Create
Leaderboards
Showdown
Live 5
Trivia Bingo
Activity
Puzzle Library
Sporcle Events
Private Events
Virtual Trivia
Globe League
Become a Host
Pub Owners
SporcleCon
Opinionation
Our Games
Videos
Blog
Mobile Apps
Partnerships
Remove Ads and Go Orange
Feedback
Just For Fun
Clickable
Get the Picture
Humor
Quick Pick
Word Ladder
Missing Word
Mixed Word
Blitz
Minefield
This or That
Alphabet
Color
Typing
Sporcle
Puzzle
Word Play
Follow That Line
Logic
Just For Fun
Clickable
Get the Picture
Humor
Quick Pick
Word Ladder
Missing Word
Mixed Word
Blitz
Minefield
This or That
Alphabet
Color
Typing
Sporcle
Puzzle
Word Play
Follow That Line
Logic
Random Quiz
Search Sporcle
×
Quiz Lab
Quiz Lab
Just For Fun
Rainbow
Type in answers that appear in a list
Type in answers that appear in a list
Classic
Best Score? Go Orange.
Rainbow Magic Fairy Names Stats
Can you name the Rainbow Magic Fairy Names?
By
ginaemilyx
10m
81 Questions
150 Plays
150 Plays
150 Plays
Comments
Comments
Give Quiz Kudos
Give Quiz Kudos
-
- Ratings
hide this ad
Replay
Link that replays current quiz
Next Quiz
Link to next quiz in quiz playlist
You Got
0%
They Got
Avg Score
43%
Avg Friend Score
Upgrade to see
Score Distribution
Jump to the score distribution portion of the page
Score
0/81
Timer
10:00
0
Plays Today
Answer
% Correct
Ruby
90.7%
Amber
86%
Fern
83.3%
Sky
82.7%
Heather
78%
Saffron
76%
Izzy
72%
Crystal
60.7%
Abigail
60.7%
Pearl
60.7%
Storm
58%
Goldie
57.3%
Hayley
57.3%
Evie
56.7%
Emily
56.7%
Amy
56.7%
Grace
56%
Jasmine
55.3%
Lucy
54.7%
Cherry
54%
Scarlett
54%
Ella
54%
Bella
53.3%
Lauren
53.3%
Sophie
53.3%
Phoebe
52.7%
Katie
52.7%
Answer
% Correct
Molly
52.7%
Chloe
52.7%
Tia
52.7%
India
52%
Olivia
52%
Polly
51.3%
Honey
50.7%
Charlotte
50.7%
Melody
50%
Georgia
48.7%
Sarah
48.7%
Harriet
48%
Holly
48%
Pippa
47.3%
Megan
47.3%
Penny
46.7%
Thea
46.7%
Freya
46%
Sienna
46%
Willow
42.7%
Danielle
41.3%
Tallulah
38.7%
Louise
38%
Jade
37.3%
Bethany
36.7%
Summer
35.3%
Kylie
35.3%
Answer
% Correct
Rebecca
34.7%
Imogen
34.7%
Stella
33.3%
Jessica
31.3%
Mia
31.3%
Shannon
30%
Paige
29.3%
Flora
29.3%
Saskia
26.7%
Belle
26.7%
Tasha
26%
Trixie
24.7%
Juliet
22.7%
Hannah
21.3%
Emma
20.7%
Erin
20%
Lara
19.3%
Rachel
18%
Kate
18%
Caitlin
17.3%
Sophia
16.7%
Ashley
16%
Rihanna
14.7%
Kirsty
14%
Leona
13.3%
Georgie
10%
Florence
8%
Quiz Playlist
Details
Report
Send in Message
Add To Playlist
Classic:
Type in answers that appear in a list
Last Updated: Feb 16, 2017
Quiz Scoreboard
CHALLENGE
Sign Up to Join the Scoreboard
Show All
Scores
Hide
Comments
May contain spoilers
Recently Published
Movies - When Are They Set?
by FPL_Elf
Movies
5m
Popular People in 1961
by mucciniale
History
6m
1-10 Letter E Words III
by El_Dandy
Language
2m
More to Explore
Quiz From the Vault
Featured Blog Post
Where Did the Easter Bunny Come From?
hide this ad
You Might Also Like...
Tags
Fairy
magic
Rainbow
Today's Top Quizzes in Just For Fun
Browse Just For Fun
hide this ad
Today's Top Quizzes in Rainbow
Browse Rainbow
Top Contributed Quizzes in Just For Fun
1
Harry Potter Logic - 'In Chains' II
2
Crossword Whiteout! 49
3
Survivor Winners Logic Puzzle
4
1-30 Clickable Mines
5
Harry Potter Logic Puzzle
6
one piece logic puzzle
7
Thermometer Puzzle 25
8
Zeroing In: Just For Fun
9
Word Ladder: Ahoy Matey
10
Aquarium Logic Puzzle 17
Explore More
Trending Topics
Marvel
Harry Potter
Crossword
Disney
Kpop
Anime
NBA
Country
NFL
The Office
Pokémon
Song
Soccer
Puzzle
WWE
hide this ad
More By:
ginaemilyx
Quiz
Plays
Rating
Category
Featured
Created
Top 100 Baby Girl Names 2019 (UK)
1,457
4.33
Miscellaneous
Nov 19, 2019
Top 100 Baby Girl Names 2021 (UK)
635
5.00
Miscellaneous
Nov 10, 2021
Rainbow Magic Fairy Names
150
5.00
Just For Fun
Apr 26, 2015
Top 100 UK Girls Names 2013
65
5.00
Miscellaneous
Jul 28, 2015
Name the Rainbow Fairies (Series 1-4)
34
5.00
Just For Fun
Apr 26, 2015
Go to Creator's Profile
Score Distribution
Quiz Creator Spotlight
ginaemilyx
Follow
Send a Message
Quizzes Created
-
Created Quiz Play Count
-
More By This Creator
Popular Quizzes Today
1
Find the Countries of Europe - No Outlines Minefield
2
Find the US States - No Outlines Minefield
3
The Countries of the World
4
Popular People in 1961
5
1-10 Letter E Words III
6
US States
7
Find the US States
8
One Thing in Common: World Cities II
More Just For Fun Quizzes
Mini Nurikabe Puzzle VII
Published
Trending Quizzes
Risky Map Clicking: Least Populous States A-Z
Humor Books: The Subtitles
1-10 Letter F Words
1-10 Letter G Words
One Thing in Common: United Kingdom
Recently Updated
Leaping Animals
pecheneg
Reality TV Shows (A-Z)
bhenderson79
Rickey Henderson's Hall of Fame Teammates
pecheneg
Champions League XIs: Arsenal
pecheneg
Quick Pick: Celebrities in WWE's Hall of Fame
aduchscher
A-Z Keypad Blitz II
pecheneg
Multiple Oscar Actors
pecheneg
Mystery Phrase Blitz: Oscar 'Best Actors'
pecheneg
F. Scott Fitzgerald Novels
LTH
Pick 3 Villains
ddd62291
Trending Topics
Disney
Crossword
NBA
Marvel
Anime
Kpop
Harry Potter
NFL
Song
Soccer
WWE
Puzzle
Pokémon
The Office
Country
Your Account Isn't Verified!
In order to create a playlist on Sporcle, you need to verify the email address you used during registration. Go to your
Sporcle Settings
to finish the process.
Report this User
Report this user for behavior that violates our
Community Guidelines
.
Details:
Send Report
Go to the Sporcle.com Mobile Site →
Comments